000 01086nam a2200277Ia 4500
001 ebr10436229
003 CaPaEBR
006 m u
007 cr cn|||||||||
008 101007s2010 mau sb 001 0 eng d
020 _z9781596932302
040 _aCaPaEBR
_cCaPaEBR
035 _a(OCoLC)698590947
050 1 4 _aTK7872.F73
_bC44 2010eb
100 1 _aChenakin, Alexander.
245 1 0 _aFrequency synthesizers
_h[electronic resource] :
_bfrom concept to product /
_cAlexander Chenakin.
260 _aNorwood, MA :
_bArtech House,
_c2010.
300 _axv, 214 p.
504 _aIncludes bibliographical references and index.
533 _aElectronic reproduction.
_bPalo Alto, Calif. :
_cebrary,
_d2011.
_nAvailable via World Wide Web.
_nAccess may be limited to ebrary affiliated libraries.
650 0 _aFrequency synthesizers.
650 0 _aFrequency changers.
655 7 _aElectronic books.
_2local
710 2 _aebrary, Inc.
856 4 0 _uhttp://site.ebrary.com/lib/rucke/Doc?id=10436229
_zAn electronic book accessible through the World Wide Web; click to view
999 _c235159
_d235159